Complex, performance-based assessment : expectations and validation criteria (Record no. 64506)

MARC details
000 -CABECERA
campo de control de longitud fija 00641nam a2200229 a 4500
005 - FECHA Y HORA DE LA ÚLTIMA TRANSACCIÓN
campo de control 20210223123816.0
008 - ELEMENTOS DE LONGITUD FIJA--INFORMACIÓN GENERAL
campo de control de longitud fija 991125n 000 0 u
035 ## - NÚMERO DE CONTROL DEL SISTEMA
Número de control de sistema UPN01000068340
100 1# - ASIENTO PRINCIPAL--NOMBRE PERSONAL
Nombre de persona Linn, Robert L.
9 (RLIN) 29022
222 ## - TÍTULO CLAVE
Título clave EDUCATIONAL RESEARCHER
245 ## - MENCIÓN DE TÍTULO
Título Complex, performance-based assessment : expectations and validation criteria
300 ## - DESCRIPCIÓN FÍSICA
Extensión 15-23
362 0# - FECHAS DE PUBLICACIÓN Y/O DESIGNACIÓN SECUENCIAL
Fecha de publicación y/o designación secuencial 20, No. 8, 1991
505 0# - NOTA DE CONTENIDO CON FORMATO PREESTABLECIDO
Nota de contenido con formato Abril 1992
653 0# - TERMINO DE INDIZACION - NO CONTROLADO
Término no controlado AVALUO EDUCATIVO
653 0# - TERMINO DE INDIZACION - NO CONTROLADO
Término no controlado CRITERIOS DE EVALUACION
653 0# - TERMINO DE INDIZACION - NO CONTROLADO
Término no controlado VALIDEZ
700 1# - ASIENTO SECUNDARIO--NOMBRE DE PERSONAL
Nombre de persona Baker, Eva L.
9 (RLIN) 32413
700 1# - ASIENTO SECUNDARIO--NOMBRE DE PERSONAL
Nombre de persona Dunbar, Stephen B.
904 ## - ELEMENTOS DE DATOS D LOCAL, LDD (RLIN)
a AC
b 006151
905 ## - TIPO DE MATERIAL
Tipo de material Articulo

No items available.